ビッくらポンのミニゲーム映像 - Statistics

General Stats
  • This quiz has been taken 56 times
    29 since last reset
  • The average score is 3 of 30
Answer Stats
使用年 解答 % Correct
2019年〜2024年 射的
78%
2014年2019年〜2024年 金魚すくい
63%
2020年〜2024年 競歩
59%
2014年 忍者
19%
2024年~ 忍者
19%
2012年 バレーボール
11%
2015年2024年~ 柔道
11%
2024年~ 居合
11%
2010年2011年 2015年 スロット
7%
2012年 ルーレット
7%
2016年 ビリヤード
7%
2017年 ソフトボール
7%
2019年 くじびき
7%
2010年 つなひき
4%
2013年 卓球
4%
2016年 サーフィン
4%
2017年 ババ抜き
4%
2010年 野球ゲーム
0%
2011年 水泳大会
0%
2012年 遺跡の宝を手に入れろ!!
0%
2013年 弓矢
0%
2013年 宝探し
0%
2014年 体操
0%
2015年 宇宙の冒険
0%
2016年 地下探検
0%
2017年 川下り
0%
2018年 ラグビー
0%
2018年 マジックショー
0%
2018年 幽霊退治
0%
???年〜 抗菌寿司カバー鮮度くん
0%
No matching quizzes found
Score Distribution
Percent of People with Each Score
Percentile by Number Answered
Your Score History
You have not taken this quiz since the last reset